MARC

LEADER 00000nam0a2200000 4500
001 55241
005 20231031051035.0
035 |a (RuTPU)RU\TPU\book\57967 
090 |a 55241 
100 |a 20030910d1981 k y0rusy50 ca 
101 0 |a rus 
102 |a UA 
105 |a a z 001zy 
200 1 |a Неравновесные процессы в фотопроводниках  |f В. Е. Лашкарев, А. В. Любченко, М. К. Шейнкман  |g Академия наук Украинской ССР; Институт полупроводников 
210 |a Киев  |c Наукова думка  |d 1981 
215 |a 264 с.  |c ил. 
320 |a Библиогр.: с. 248-261 
610 1 |a полупроводники 
610 1 |a фотопроводники 
610 1 |a фотопроводимость 
610 1 |a неравновесные процессы 
610 1 |a фототоки 
610 1 |a теория 
610 1 |a кинетика 
610 1 |a люминесценция 
610 1 |a рекомбинация 
610 1 |a схемы 
675 |a 621.315.59  |v 3 
700 1 |a Лашкарев  |b В. Е.  |g Вадим Евгеньевич 
701 1 |a Любченко  |b А. В.  |g Алексей Викторович 
701 1 |a Шейнкман  |b М. К.  |g Моисей Кивович 
712 0 2 |a Академия наук Украинской ССР (АН УССР)  |b Институт полупроводников (ИП)  |c (Киев)  |2 stltpush  |3 (RuTPU)RU\TPU\col\12057 
801 1 |a RU  |b 63413507  |c 20030910  |g PSBO 
801 2 |a RU  |b 63413507  |c 20150416  |g PSBO 
942 |c BK